[Event "Paris-ch op-A"]
[Site "Paris"]
[Date "2010.07.06"]
[Round "4"]
[White "Ravonison, Lala"]
[Black "Pass, Deborah"]
[Result "0-1"]
[WhiteElo "1850"]
[BlackElo "2002"]
[PlyCount "138"]
[EventDate "2010.07.03"]
[EventType "swiss"]
[EventRounds "9"]
[EventCountry "FRA"]
[SourceTitle "CBM 137 Extra"]
[Source "ChessBase"]
[SourceDate "2010.09.01"]
[SourceVersion "1"]
[SourceVersionDate "2010.09.01"]
[SourceQuality "1"]

1. e4 d5 2. Nc3 d4 3. Nce2 c5 4. d3 Nc6 5. g3 Nf6 6. Bg2 e5 7. Nf3 Be7 8. 0-0 h5 9. h3 Nh7 10. Kh1 g5 11. Nfg1 g4 12. f4 h4 13. f5 gxh3 14. Nxh3 hxg3 15. Nxg3 Bh4 16. Qf3 Nf6 17. Bd2 Bd7 18. Rac1 Qe7 19. a3 0-0-0 20. c3 Rdg8 21. Ne2 Nh5 22. Be1 Bxe1 23. Rcxe1 Qh4 24. Kh2 Nf4 25. Nexf4 exf4 26. Qxf4 Rxg2+ 27. Kxg2 Qxh3+ 28. Kf2 Qh2+ 29. Qxh2 Rxh2+ 30. Kg3 Rxb2 31. cxd4 Nxd4 32. Kf4 Rb3 33. Ke5 Rxd3 34. Kf6 Rxa3 35. Kxf7 c4 36. Rd1 Nc6 37. Rd5 Re3 38. Rfd1 Rxe4 39. Kf6 Nb8 40. Rc5+ Bc6 41. Kf7 Nd7 42. Ra5 a6 43. Rg1 Kc7 44. Kg7 Rf4 45. Rg6 Kb6 46. Ra1 Rxf5 47. Rb1+ Rb5 48. Rc1 Rc5 49. Rd6 Kc7 50. Rd4 c3 51. Rc2 Nb6 52. Kf6 Ba4 53. Rc1 c2 54. Ke6 Bb3+ 55. Kf6 Rd5 56. Rb4 Rd1 57. Rxc2+ Bxc2 58. Ke5 a5 59. Rb5 Rd5+ 60. Rxd5 Nxd5 61. Kxd5 b5 62. Kd4 b4 63. Kc4 Kb6 64. Kd4 Kb5 65. Ke3 b3 66. Kd2 a4 67. Kc1 Kb4 68. Kb2 a3+ 69. Ka1 b2+ 0-1